¿Democracia entre los jesuitas? (Record no. 633840)
[ view plain ]
| 000 -CABECERA | |
|---|---|
| Campo de control de longitud fija | 00422nab a2200145Ia 4500 |
| 003 - IDENTIFICADOR DEL NÚMERO DE CONTROL | |
| Campo de control | ES-SlBCS |
| 005 - FECHA Y HORA DE LA ÚLTIMA TRANSACCIÓN | |
| Campo de control | 20210601135756.0 |
| 008 - CÓDIGOS DE INFORMACIÓN DE LONGITUD FIJA | |
| Campo de control de longitud fija | 140529s1992 xxu||||| |||| 00| 0 spa d |
| 041 ## - CÓDIGO DE LENGUA | |
| Código de lengua del texto/banda sonora o título independiente | spa |
| 100 1# - PUNTO DE ACCESO PRINCIPAL-NOMBRE DE PERSONA | |
| Nombre de persona | Huizing, Peter |
| 9 (RLIN) | 11360 |
| 245 00 - MENCIÓN DE TÍTULO | |
| Título | ¿Democracia entre los jesuitas? |
| Mención de responsabilidad, etc. | Peter Huizing |
| 610 24 - PUNTO DE ACCESO ADICIONAL DE MATERIA-NOMBRE DE ENTIDAD CORPORATIVA | |
| Nombre de entidad corporativa o nombre de jurisdicción como elemento inicial | Jesuitas-Democracia |
| 9 (RLIN) | 236573 |
| 773 0# - ENLACE AL DOCUMENTO FUENTE | |
| Título | Concilium |
| Parte(s) relacionada(s) | vol. 28/II, nº. 243, 1992, págs. 79-87 |
| Número de control del registro relacionado | Rev134 |
| 942 ## - ENTRADA DE ELEMENTOS AGREGADOS (KOHA) | |
| Koha [por defecto] tipo de item | Artículos de revista |
| Suprimido | Perdido | Estropeado | No para préstamo | Localización permanente | Localización actual | Localización en estantería | Fecha adquisición | Préstamos totales | Fecha última consulta | Fecha del precio de reemplazo | Tipo de item de Koha |
|---|---|---|---|---|---|---|---|---|---|---|---|
| San Esteban | San Esteban | Depósito de revistas | 11/07/2014 | 11/07/2014 | 11/07/2014 | Artículos de revista |
